[Event "ODJM A 2024"]
[Site "Willingen GER"]
[Date "2024.05.22"]
[Round "5"]
[White "Köhler, Lukas"]
[Black "Meiwes, Thore"]
[Result "1/2-1/2"]
[Termination "normal"]
[Board "7"]
[WhiteElo "2039"]
[BlackElo "2050"]
[WhiteClock "00:24:45"]
[BlackClock "00:41:15"]
[PlyCount "114"]
[WhiteFideId "16221990"]
[BlackFideId "16201256"]
[EventCountry "GER"]
[EventRounds "9"]
[EventType "swiss"]
[EventDate "2024.05.18"]

1. e4 {[%clk 01:30:50]} {[%emt 00:00:08]} c5 {[%clk 01:30:56]} {[%emt
00:00:04]} 2. Nf3 {[%clk 01:30:56]} {[%emt 00:00:25]} Nc6 {[%clk 01:31:24]}
{[%emt 00:00:02]} 3. d4 {[%clk 01:31:05]} {[%emt 00:00:21]} cxd4 {[%clk
01:31:50]} {[%emt 00:00:04]} 4. Nxd4 {[%clk 01:31:30]} {[%emt 00:00:05]} g6
{[%clk 01:32:14]} {[%emt 00:00:06]} 5. c4 {[%clk 01:31:48]} {[%emt 00:00:13]}
Nf6 {[%clk 01:32:39]} {[%emt 00:00:04]} 6. Nc3 {[%clk 01:32:10]} {[%emt
00:00:08]} d6 {[%clk 01:33:06]} {[%emt 00:00:04]} 7. Be2 {[%clk 01:32:29]}
{[%emt 00:00:11]} Nxd4 {[%clk 01:33:31]} {[%emt 00:00:05]} 8. Qxd4 {[%clk
01:32:53]} {[%emt 00:00:06]} Bg7 {[%clk 01:33:55]} {[%emt 00:00:05]} 9. Be3
{[%clk 01:31:54]} {[%emt 00:01:29]} O-O {[%clk 01:34:20]} {[%emt 00:00:05]} 10.
Qd2 {[%clk 01:32:20]} {[%emt 00:00:04]} Be6 {[%clk 01:34:41]} {[%emt 00:00:09]}
11. O-O {[%clk 01:32:30]} {[%emt 00:00:19]} Qa5 {[%clk 01:34:30]} {[%emt
00:00:40]} 12. Rab1 {[%clk 01:32:40]} {[%emt 00:00:21]} Rfc8 {[%clk 01:32:29]}
{[%emt 00:02:30]} 13. b3 {[%clk 01:32:23]} {[%emt 00:00:48]} a6 {[%clk
01:29:59]} {[%emt 00:02:59]} 14. Rfc1 {[%clk 01:26:42]} {[%emt 00:06:11]} Rab8
{[%clk 01:25:21]} {[%emt 00:05:09]} 15. f3 {[%clk 01:14:55]} {[%emt 00:12:17]}
Qb4 {[%clk 01:21:07]} {[%emt 00:04:43]} 16. a3 {[%clk 00:46:39]} {[%emt
00:28:47]} Qa5 {[%emt 00:00:02]} 17. a4 {[%clk 00:44:27]} {[%emt 00:02:41]} Qb4
{[%clk 01:19:11]} {[%emt 00:02:54]} 18. Nd5 {[%clk 00:26:24]} {[%emt 00:18:33]}
Nxd5 {[%clk 01:18:56]} {[%emt 00:00:46]} 19. cxd5 {[%clk 00:25:52]} {[%emt
00:01:02]} Qxd2 {[%clk 01:19:17]} {[%emt 00:00:09]} 20. Bxd2 {[%clk 00:26:16]}
{[%emt 00:00:06]} Bd4+ {[%clk 01:19:31]} {[%emt 00:00:16]} 21. Kf1 {[%clk
00:26:35]} {[%emt 00:00:10]} Bd7 {[%clk 01:19:56]} {[%emt 00:00:06]} 22. Rxc8+
{[%clk 00:25:43]} {[%emt 00:01:22]} Rxc8 {[%clk 01:19:13]} {[%emt 00:01:13]}
23. Rc1 {[%clk 00:25:40]} {[%emt 00:00:34]} Rxc1+ {[%clk 01:19:03]} {[%emt
00:00:40]} 24. Bxc1 {[%clk 00:26:09]} {[%emt 00:00:01]} f5 {[%clk 01:19:22]}
{[%emt 00:00:11]} 25. Bd3 {[%clk 00:25:20]} {[%emt 00:01:19]} fxe4 {[%clk
01:18:55]} {[%emt 00:00:58]} 26. fxe4 {[%clk 00:25:03]} {[%emt 00:00:46]} Kf7
{[%clk 01:16:21]} {[%emt 00:03:03]} 27. h3 {[%clk 00:22:56]} {[%emt 00:02:38]}
Kf6 {[%clk 01:16:00]} {[%emt 00:00:50]} 28. Bf4 {[%clk 00:23:17]} {[%emt
00:00:08]} g5 {[%clk 01:14:53]} {[%emt 00:01:37]} 29. Bh2 {[%clk 00:23:10]}
{[%emt 00:00:37]} h5 {[%clk 01:14:16]} {[%emt 00:01:07]} 30. Ke2 {[%clk
00:22:05]} {[%emt 00:01:35]} g4 {[%clk 01:10:34]} {[%emt 00:04:12]} 31. hxg4
{[%clk 00:22:16]} {[%emt 00:00:19]} Bxg4+ {[%clk 01:08:20]} {[%emt 00:02:44]}
32. Kd2 {[%clk 00:21:41]} {[%emt 00:01:05]} Kg5 {[%clk 01:07:33]} {[%emt
00:01:16]} 33. Bg3 {[%clk 00:17:11]} {[%emt 00:05:00]} h4 {[%clk 00:51:57]}
{[%emt 00:16:06]} 34. Bh2 {[%clk 00:14:12]} {[%emt 00:03:30]} Be5 {[%clk
00:44:44]} {[%emt 00:07:44]} 35. Bg1 {[%clk 00:13:51]} {[%emt 00:00:50]} Bg3
{[%clk 00:41:59]} {[%emt 00:03:15]} 36. Bc2 {[%clk 00:02:31]} {[%emt 00:11:51]}
Bh5 {[%clk 00:34:16]} {[%emt 00:08:12]} 37. Ke3 {[%clk 00:01:04]} Bf4+ {[%clk
00:33:48]} {[%emt 00:02:55]} 38. Kd3 {[%clk 00:00:59]} Bg4 {[%clk 00:29:00]}
{[%emt 00:05:53]} 39. Bf2 {[%clk 00:00:51]} Be5 {[%clk 00:18:31]} {[%emt
00:11:37]} 40. Be3+ {[%clk 00:00:51]} Kf6 {[%clk 00:17:08]} {[%emt 00:02:23]}
41. Bf2 {[%clk 00:29:12]} Bg3 {[%clk 00:45:54]} {[%emt 00:03:54]} 42. Bd4+
{[%clk 00:27:24]} Kf7 {[%clk 00:43:38]} {[%emt 00:05:02]} 43. Bb6 {[%clk
00:25:12]} Bh5 {[%emt 00:05:36]} 44. Be3 e6 45. dxe6+ Kxe6 {[%clk 00:41:15]}
46. Bd4 {[%clk 00:24:45]} Kd7 {[%clk 00:41:15]} 47. b4 {[%clk 00:24:45]} b5
{[%clk 00:41:15]} 48. axb5 {[%clk 00:24:45]} axb5 {[%clk 00:41:15]} 49. Kd2
{[%clk 00:24:45]} Bf7 {[%clk 00:41:15]} 50. Bd1 {[%clk 00:24:45]} Bc4 {[%clk
00:41:15]} 51. Bc3 {[%clk 00:24:45]} Bf4+ {[%clk 00:41:15]} 52. Ke1 {[%clk
00:24:45]} Ke7 {[%clk 00:41:15]} 53. Kf2 {[%clk 00:24:45]} Bg3+ {[%clk
00:41:15]} 54. Kf3 {[%clk 00:24:45]} d5 {[%clk 00:41:15]} 55. Bc2 {[%clk
00:24:45]} Ke6 {[%clk 00:41:15]} 56. exd5+ {[%clk 00:24:45]} Bxd5+ {[%clk
00:41:15]} 57. Be4 {[%clk 00:24:45]} Bb3 {[%clk 00:41:15]} 1/2-1/2

[Event "ODJM A 2024"]
[Site "Willingen GER"]
[Date "2024.05.22"]
[Round "5"]
[White "Weigand, Anton"]
[Black "Grunert, Friedrich"]
[Result "1-0"]
[Termination "normal"]
[Board "8"]
[WhiteElo "2091"]
[BlackElo "1977"]
[WhiteClock "00:14:40"]
[BlackClock "00:39:30"]
[PlyCount "135"]
[WhiteFideId "16221915"]
[BlackFideId "12995592"]
[EventCountry "GER"]
[EventRounds "9"]
[EventType "swiss"]
[EventDate "2024.05.18"]

1. e4 {[%clk 01:30:48]} {[%emt 00:00:10]} e6 {[%clk 01:30:58]} {[%emt
00:00:04]} 2. d4 {[%clk 01:31:10]} {[%emt 00:00:07]} d5 {[%clk 01:31:25]}
{[%emt 00:00:03]} 3. Nc3 {[%clk 01:31:34]} {[%emt 00:00:06]} Bb4 {[%clk
01:31:44]} {[%emt 00:00:12]} 4. Nge2 {[%clk 01:31:38]} {[%emt 00:00:25]} dxe4
{[%clk 01:32:00]} {[%emt 00:00:15]} 5. a3 {[%clk 01:32:00]} {[%emt 00:00:08]}
Be7 {[%clk 01:31:48]} {[%emt 00:00:41]} 6. Rg1 {[%clk 01:31:51]} {[%emt
00:00:38]} c5 {[%clk 01:28:53]} {[%emt 00:03:26]} 7. Be3 {[%clk 01:21:39]}
{[%emt 00:10:41]} cxd4 {[%clk 01:23:59]} {[%emt 00:05:26]} 8. Qxd4 {[%clk
01:20:43]} {[%emt 00:01:26]} Qxd4 {[%clk 01:22:36]} {[%emt 00:01:53]} 9. Nxd4
{[%clk 01:16:11]} {[%emt 00:05:01]} a6 {[%clk 01:21:17]} {[%emt 00:01:50]} 10.
g4 {[%clk 01:03:37]} {[%emt 00:13:04]} Nf6 {[%clk 01:15:27]} {[%emt 00:06:20]}
11. O-O-O {[%clk 01:03:38]} {[%emt 00:00:28]} O-O {[%clk 01:08:17]} {[%emt
00:07:40]} 12. Nb3 {[%clk 00:52:08]} {[%emt 00:11:59]} b5 {[%clk 00:50:53]}
{[%emt 00:17:55]} 13. g5 {[%clk 00:50:45]} {[%emt 00:01:51]} Nd5 {[%clk
00:48:59]} {[%emt 00:02:25]} 14. Nxd5 {[%clk 00:51:04]} {[%emt 00:00:12]} exd5
{[%clk 00:49:26]} {[%emt 00:00:04]} 15. Rxd5 {[%clk 00:51:18]} {[%emt
00:00:15]} Bb7 {[%clk 00:49:00]} {[%emt 00:00:57]} 16. Rd1 {[%clk 00:51:15]}
{[%emt 00:00:32]} Re8 {[%clk 00:39:48]} {[%emt 00:09:42]} 17. Bg2 {[%clk
00:50:33]} {[%emt 00:01:11]} a5 {[%clk 00:37:44]} {[%emt 00:02:35]} 18. Nc5
{[%clk 00:32:52]} {[%emt 00:18:11]} Bxc5 {[%clk 00:34:51]} {[%emt 00:03:24]}
19. Bxc5 {[%clk 00:33:17]} {[%emt 00:00:02]} Ra6 {[%clk 00:28:55]} {[%emt
00:06:29]} 20. Rge1 {[%clk 00:31:12]} {[%emt 00:02:34]} Rae6 {[%clk 00:26:55]}
{[%emt 00:02:31]} 21. h4 {[%clk 00:27:28]} {[%emt 00:04:13]} Na6 {[%clk
00:26:11]} {[%emt 00:01:14]} 22. Bd6 {[%clk 00:25:37]} {[%emt 00:02:21]} f5
{[%clk 00:19:29]} {[%emt 00:07:13]} 23. Bf1 {[%clk 00:23:45]} {[%emt 00:02:21]}
Rd8 {[%clk 00:14:51]} {[%emt 00:05:08]} 24. Bf4 {[%clk 00:24:09]} {[%emt
00:00:06]} Rc8 {[%clk 00:09:24]} {[%emt 00:05:58]} 25. Bxb5 {[%clk 00:23:00]}
{[%emt 00:01:38]} Rc5 {[%clk 00:09:51]} {[%emt 00:00:04]} 26. Ba4 {[%clk
00:15:42]} {[%emt 00:07:48]} Rc8 {[%clk 00:04:41]} {[%emt 00:05:40]} 27. Bd7
{[%clk 00:14:11]} {[%emt 00:01:59]} Rec6 {[%clk 00:04:21]} {[%emt 00:00:51]}
28. Bxc6 {[%clk 00:13:05]} {[%emt 00:01:37]} Bxc6 {[%clk 00:04:47]} {[%emt
00:00:04]} 29. Bd6 {[%clk 00:13:12]} {[%emt 00:00:22]} Kf7 {[%clk 00:04:40]}
{[%emt 00:00:37]} 30. h5 {[%clk 00:12:39]} {[%emt 00:01:02]} Ke6 {[%clk
00:04:53]} {[%emt 00:00:18]} 31. h6 {[%clk 00:10:49]} {[%emt 00:02:20]} g6
{[%clk 00:04:24]} {[%emt 00:01:00]} 32. Rd4 {[%clk 00:09:02]} {[%emt 00:02:16]}
Bb5 {[%clk 00:04:03]} {[%emt 00:00:52]} 33. b3 {[%clk 00:07:43]} {[%emt
00:01:48]} Rc6 {[%clk 00:03:41]} {[%emt 00:00:52]} 34. a4 {[%clk 00:05:45]}
{[%emt 00:02:28]} Bxa4 {[%clk 00:03:17]} {[%emt 00:00:55]} 35. Rxa4 {[%clk
00:06:09]} {[%emt 00:00:05]} Kxd6 {[%clk 00:03:43]} {[%emt 00:00:04]} 36. Rd1+
{[%clk 00:05:15]} {[%emt 00:01:24]} Ke6 {[%clk 00:02:37]} {[%emt 00:01:36]} 37.
Rxa5 {[%clk 00:05:07]} {[%emt 00:00:39]} Nb4 {[%clk 00:03:04]} {[%emt
00:00:03]} 38. Rd2 {[%clk 00:02:51]} {[%emt 00:02:45]} Nd3+ {[%clk 00:02:55]}
{[%emt 00:00:40]} 39. Kd1 {[%clk 00:02:44]} {[%emt 00:00:36]} Ne5 {[%clk
00:03:22]} {[%emt 00:00:04]} 40. Ra7 {[%clk 00:01:58]} {[%emt 00:01:15]} Nf7
{[%clk 00:02:55]} {[%emt 00:00:57]} 41. Rxf7 {[%clk 00:28:00]} {[%emt
00:04:27]} Kxf7 {[%clk 00:32:57]} {[%emt 00:00:29]} 42. Rd7+ {[%clk 00:25:11]}
{[%emt 00:03:16]} Kg8 {[%clk 00:33:24]} {[%emt 00:00:05]} 43. Rd8+ {[%clk
00:20:28]} {[%emt 00:05:12]} Kf7 {[%clk 00:33:47]} {[%emt 00:00:08]} 44. Rh8
{[%clk 00:20:54]} {[%emt 00:00:04]} f4 {[%clk 00:33:29]} {[%emt 00:00:49]} 45.
Rxh7+ {[%clk 00:21:05]} {[%emt 00:00:18]} Kg8 {[%clk 00:33:56]} {[%emt
00:00:03]} 46. Re7 {[%clk 00:18:18]} {[%emt 00:03:16]} e3 {[%clk 00:33:02]}
{[%emt 00:01:24]} 47. fxe3 {[%clk 00:17:56]} {[%emt 00:00:52]} f3 {[%clk
00:33:09]} {[%emt 00:00:24]} 48. Rg7+ {[%clk 00:15:06]} {[%emt 00:03:19]} Kh8
{[%clk 00:33:36]} {[%emt 00:00:04]} 49. Rf7 {[%clk 00:15:22]} {[%emt 00:00:13]}
Rd6+ {[%clk 00:33:48]} {[%emt 00:00:18]} 50. Kc1 {[%clk 00:14:28]} {[%emt
00:01:23]} Rd5 {[%clk 00:34:05]} {[%emt 00:00:15]} 51. Rxf3 {[%clk 00:14:23]}
{[%emt 00:00:35]} Rd7 {[%clk 00:34:32]} {[%emt 00:00:03]} 52. c4 {[%clk
00:14:05]} {[%emt 00:00:47]} Kh7 {[%clk 00:35:01]} {[%emt 00:00:02]} 53. Kc2
{[%clk 00:14:07]} {[%emt 00:00:27]} Re7 {[%clk 00:35:24]} {[%emt 00:00:08]} 54.
Kc3 {[%clk 00:14:17]} {[%emt 00:00:19]} Rd7 {[%clk 00:35:49]} {[%emt 00:00:05]}
55. b4 {[%clk 00:14:21]} {[%emt 00:00:27]} Re7 {[%clk 00:36:12]} {[%emt
00:00:07]} 56. c5 {[%clk 00:14:41]} {[%emt 00:00:10]} Rd7 {[%clk 00:36:35]}
{[%emt 00:00:07]} 57. Rf4 {[%clk 00:15:03]} {[%emt 00:00:07]} Re7 {[%clk
00:36:58]} {[%emt 00:00:08]} 58. c6 {[%clk 00:15:20]} {[%emt 00:00:12]} Rxe3+
{[%clk 00:37:23]} {[%emt 00:00:06]} 59. Kc4 {[%clk 00:15:19]} {[%emt 00:00:31]}
Re7 {[%clk 00:37:48]} {[%emt 00:00:05]} 60. Rd4 {[%clk 00:15:16]} {[%emt
00:00:33]} Re8 {[%clk 00:37:32]} {[%emt 00:00:47]} 61. Rd7+ {[%clk 00:14:56]}
{[%emt 00:00:50]} Kh8 {[%clk 00:37:55]} {[%emt 00:00:07]} 62. b5 {[%clk
00:14:36]} {[%emt 00:00:49]} Rf8 {[%clk 00:38:09]} {[%emt 00:00:16]} 63. Kc5
{[%clk 00:14:08]} {[%emt 00:00:57]} Rf5+ {[%clk 00:38:20]} {[%emt 00:00:21]}
64. Rd5 {[%clk 00:14:17]} {[%emt 00:00:20]} Rf7 {[%clk 00:38:37]} {[%emt
00:00:13]} 65. Rd8+ {[%clk 00:13:53]} {[%emt 00:00:54]} Kh7 {[%clk 00:38:59]}
{[%emt 00:00:08]} 66. Rd7 {[%clk 00:14:11]} {[%emt 00:00:12]} Rg7 {[%clk
00:39:04]} {[%emt 00:00:25]} 67. Rxg7+ {[%clk 00:14:21]} {[%emt 00:00:19]} Kh8
{[%clk 00:39:30]} {[%emt 00:00:04]} 68. Rh7+ {[%clk 00:14:40]} {[%emt
00:03:34]} 1-0

[Event "ODJM A 2024"]
[Site "Willingen GER"]
[Date "2024.05.22"]
[Round "5"]
[White "Geist, Denis"]
[Black "Bock, Marlon"]
[Result "0-1"]
[Termination "normal"]
[Board "9"]
[WhiteElo "1847"]
[BlackElo "2049"]
[WhiteClock "00:01:16"]
[BlackClock "00:09:53"]
[PlyCount "82"]
[WhiteFideId "34605100"]
[BlackFideId "16244931"]
[EventCountry "GER"]
[EventRounds "9"]
[EventType "swiss"]
[EventDate "2024.05.18"]

1. e4 {[%clk 01:30:32]} {[%emt 00:00:27]} c5 {[%clk 01:30:56]} {[%emt
00:00:04]} 2. Nf3 {[%clk 01:30:53]} {[%emt 00:00:08]} Nc6 {[%clk 01:31:22]}
{[%emt 00:00:05]} 3. d4 {[%clk 01:31:12]} {[%emt 00:00:09]} cxd4 {[%clk
01:31:49]} {[%emt 00:00:05]} 4. Nxd4 {[%clk 01:31:28]} {[%emt 00:00:13]} e5
{[%clk 01:32:13]} {[%emt 00:00:07]} 5. Nb5 {[%clk 01:31:31]} {[%emt 00:00:26]}
d6 {[%clk 01:32:37]} {[%emt 00:00:07]} 6. N1c3 {[%clk 01:31:01]} {[%emt
00:01:00]} a6 {[%clk 01:33:02]} {[%emt 00:00:05]} 7. Na3 {[%clk 01:31:26]}
{[%emt 00:00:05]} Be7 {[%clk 01:33:29]} {[%emt 00:00:03]} 8. Nc4 {[%clk
01:29:52]} {[%emt 00:02:05]} b5 {[%clk 01:31:34]} {[%emt 00:02:24]} 9. Ne3
{[%clk 01:30:13]} {[%emt 00:00:10]} Nf6 {[%clk 01:31:50]} {[%emt 00:00:14]} 10.
Bd3 {[%clk 01:24:04]} {[%emt 00:06:38]} Nb4 {[%clk 01:30:09]} {[%emt 00:02:11]}
11. Be2 {[%clk 01:21:43]} {[%emt 00:02:51]} Be6 {[%clk 01:28:41]} {[%emt
00:01:58]} 12. a3 {[%clk 01:21:24]} {[%emt 00:00:49]} Nc6 {[%clk 01:28:59]}
{[%emt 00:00:12]} 13. O-O {[%clk 01:16:06]} {[%emt 00:05:48]} O-O {[%clk
01:28:55]} {[%emt 00:00:34]} 14. Re1 {[%clk 01:11:53]} {[%emt 00:04:43]} Rc8
{[%clk 01:26:43]} {[%emt 00:02:41]} 15. Ned5 {[%clk 01:01:43]} {[%emt
00:10:41]} Nd4 {[%clk 01:23:12]} {[%emt 00:04:01]} 16. Bf1 {[%clk 00:51:15]}
{[%emt 00:10:58]} Nxd5 {[%clk 01:13:02]} {[%emt 00:10:41]} 17. exd5 {[%clk
00:49:20]} {[%emt 00:02:24]} Bf5 {[%clk 01:12:52]} {[%emt 00:00:40]} 18. Bd3
{[%clk 00:49:14]} {[%emt 00:00:36]} Bg5 {[%clk 01:06:45]} {[%emt 00:06:37]} 19.
Be3 {[%clk 00:32:34]} {[%emt 00:17:11]} Qf6 {[%clk 00:44:39]} {[%emt 00:22:35]}
20. Be4 {[%clk 00:30:29]} {[%emt 00:02:34]} Rc4 {[%clk 00:36:01]} {[%emt
00:09:09]} 21. Qd2 {[%clk 00:23:12]} {[%emt 00:07:46]} Bxe3 {[%clk 00:34:12]}
{[%emt 00:02:20]} 22. fxe3 {[%clk 00:19:06]} {[%emt 00:04:36]} Bxe4 {[%clk
00:33:05]} {[%emt 00:01:37]} 23. Nxe4 {[%clk 00:18:33]} {[%emt 00:01:04]} Ne2+
{[%clk 00:32:26]} {[%emt 00:01:08]} 24. Rxe2 {[%clk 00:16:09]} {[%emt
00:02:53]} Rxe4 {[%clk 00:32:51]} {[%emt 00:00:06]} 25. b3 {[%clk 00:12:35]}
{[%emt 00:04:05]} Qg5 {[%clk 00:28:39]} {[%emt 00:04:41]} 26. Qd3 {[%clk
00:10:31]} {[%emt 00:02:35]} f5 {[%clk 00:26:52]} {[%emt 00:02:16]} 27. Rf1
{[%clk 00:09:22]} {[%emt 00:01:39]} g6 {[%clk 00:24:58]} {[%emt 00:02:24]} 28.
Kh1 {[%clk 00:07:13]} {[%emt 00:02:39]} Rf7 {[%clk 00:23:20]} {[%emt 00:02:08]}
29. g3 {[%clk 00:03:59]} {[%emt 00:03:44]} h5 {[%clk 00:21:33]} {[%emt
00:02:17]} 30. Rg1 {[%clk 00:03:45]} {[%emt 00:00:44]} Qg4 {[%clk 00:18:23]}
{[%emt 00:03:40]} 31. Rf2 {[%clk 00:03:41]} {[%emt 00:00:34]} Qg5 {[%clk
00:18:18]} {[%emt 00:00:34]} 32. Re2 {[%clk 00:03:54]} {[%emt 00:00:17]} Rh7
{[%clk 00:17:01]} {[%emt 00:01:47]} 33. h3 {[%clk 00:03:30]} {[%emt 00:00:54]}
Rc7 {[%clk 00:13:17]} {[%emt 00:04:15]} 34. Kh2 {[%clk 00:02:54]} {[%emt
00:01:07]} Kg7 {[%clk 00:11:37]} {[%emt 00:02:09]} 35. Kg2 {[%clk 00:01:51]}
{[%emt 00:01:32]} Rc5 {[%clk 00:09:49]} {[%emt 00:02:19]} 36. Kf2 {[%clk
00:01:42]} {[%emt 00:00:39]} Qd8 {[%clk 00:09:13]} {[%emt 00:01:05]} 37. Rd2
{[%clk 00:01:03]} {[%emt 00:01:10]} Qc8 {[%clk 00:08:46]} {[%emt 00:00:56]} 38.
Ke2 {[%clk 00:01:04]} {[%emt 00:00:30]} Rc3 {[%clk 00:09:04]} {[%emt 00:00:12]}
39. Kf2 {[%clk 00:00:43]} {[%emt 00:00:52]} Rxe3 {[%clk 00:09:00]} {[%emt
00:00:34]} 40. Qxe3 {[%clk 00:00:51]} {[%emt 00:00:21]} Rxe3 {[%clk 00:09:26]}
{[%emt 00:00:03]} 41. Kxe3 {[%clk 00:01:16]} {[%emt 00:00:06]} Qc5+ {[%clk
00:09:53]} {[%emt 00:00:03]} 0-1

[Event "ODJM A 2024"]
[Site "Willingen GER"]
[Date "2024.05.22"]
[Round "5"]
[White "Langner, Jasper"]
[Black "Beyer, Lorenz"]
[Result "1-0"]
[Termination "normal"]
[Board "10"]
[WhiteElo "1999"]
[BlackElo "1956"]
[WhiteClock "00:55:50"]
[BlackClock "01:17:22"]
[PlyCount "49"]
[WhiteFideId "16202554"]
[BlackFideId "16245393"]
[EventCountry "GER"]
[EventRounds "9"]
[EventType "swiss"]
[EventDate "2024.05.18"]

1. e4 {[%clk 01:30:49]} {[%emt 00:00:08]} e6 {[%clk 01:30:57]} {[%emt
00:00:05]} 2. d4 {[%clk 01:31:06]} {[%emt 00:00:13]} d5 {[%clk 01:31:22]}
{[%emt 00:00:05]} 3. Nc3 {[%clk 01:31:17]} {[%emt 00:00:18]} Nf6 {[%clk
01:31:48]} {[%emt 00:00:06]} 4. Bg5 {[%clk 01:31:20]} {[%emt 00:00:26]} Be7
{[%clk 01:32:12]} {[%emt 00:00:06]} 5. e5 {[%clk 01:31:41]} {[%emt 00:00:09]}
Nfd7 {[%clk 01:32:38]} {[%emt 00:00:06]} 6. h4 {[%clk 01:31:57]} {[%emt
00:00:12]} h6 {[%clk 01:33:05]} {[%emt 00:00:04]} 7. Bxe7 {[%clk 01:32:19]}
{[%emt 00:00:06]} Qxe7 {[%clk 01:33:34]} {[%emt 00:00:03]} 8. f4 {[%clk
01:32:33]} {[%emt 00:00:14]} a6 {[%clk 01:33:49]} {[%emt 00:00:16]} 9. Nf3
{[%clk 01:32:35]} {[%emt 00:00:27]} c5 {[%clk 01:34:15]} {[%emt 00:00:05]} 10.
Ne2 {[%clk 01:31:19]} {[%emt 00:01:44]} Nc6 {[%clk 01:34:16]} {[%emt 00:00:32]}
11. g4 {[%clk 01:31:31]} {[%emt 00:00:16]} b5 {[%clk 01:31:49]} {[%emt
00:02:58]} 12. Qd2 {[%clk 01:29:17]} {[%emt 00:02:44]} Bb7 {[%clk 01:32:09]}
{[%emt 00:00:12]} 13. h5 {[%clk 01:29:35]} {[%emt 00:00:11]} O-O-O {[%clk
01:31:40]} {[%emt 00:00:58]} 14. Bg2 {[%clk 01:27:39]} {[%emt 00:02:26]} Kb8
{[%clk 01:25:17]} {[%emt 00:06:54]} 15. O-O {[%clk 01:22:52]} {[%emt 00:05:15]}
cxd4 {[%clk 01:25:03]} {[%emt 00:00:45]} 16. Nexd4 {[%clk 01:18:12]} {[%emt
00:05:10]} Nc5 {[%clk 01:24:54]} {[%emt 00:00:39]} 17. Nxc6+ {[%clk 01:17:43]}
{[%emt 00:00:59]} Bxc6 {[%clk 01:25:20]} {[%emt 00:00:04]} 18. Qb4 {[%clk
01:09:35]} {[%emt 00:08:38]} Rhe8 {[%clk 01:22:35]} {[%emt 00:03:15]} 19. Nd4
{[%clk 01:07:42]} {[%emt 00:02:22]} Bb7 {[%clk 01:21:49]} {[%emt 00:01:17]} 20.
a4 {[%clk 01:07:00]} {[%emt 00:01:11]} Qc7 {[%clk 01:18:26]} {[%emt 00:03:54]}
21. axb5 {[%clk 01:04:47]} {[%emt 00:02:43]} Qb6 {[%clk 01:18:50]} {[%emt
00:00:06]} 22. Qa5 {[%clk 00:56:44]} {[%emt 00:08:32]} Qxa5 {[%clk 01:18:02]}
{[%emt 00:01:20]} 23. Rxa5 {[%clk 00:57:10]} {[%emt 00:00:04]} Kc7 {[%clk
01:18:16]} {[%emt 00:00:15]} 24. b4 {[%clk 00:55:43]} {[%emt 00:01:56]} Kb6
{[%clk 01:17:22]} {[%emt 00:01:26]} 25. Rfa1 {[%clk 00:55:50]} {[%emt
00:00:23]} 1-0